000
00313 a2200145 4500
001
153543
040
_c
Escola São Tomás de Aquino
100
_a
GANEM, Roberto
240
1
0
_a
Senk Rá
_l
por
245
1
0
_a
Senk Rá
362
0
_a
2003
440
1
_a
Melhoramentos
697
_a
*LITERATURA JUVENIL
942
_c
BK
999
_c
153543
_d
153543